Caricamento...

Murad Hofmante diarykkurippukal/

Dettagli Bibliografici
Autore principale: Hofmann, Murad Wilfried
Natura: Printed Book
Lingua:English
Pubblicazione: Kozhikode: Islamic, 1998
LEADER 00554nam a22001577a 4500
003 OSt
005 20200624134624.0
008 160405b xxu||||| |||| 00| 0 eng d
082 |a 923.243H MUR/M 
100 |a Hofmann, Murad Wilfried  
245 |a Murad Hofmante diarykkurippukal/  |c Murad Wilfried Hofmann 
260 |a Kozhikode:  |b Islamic,  |c 1998 
300 |a 157p. 
942 |2 ddc  |c BK 
999 |c 328080  |d 328080 
952 |0 0  |1 0  |2 ddc  |4 0  |6 923_000000000000000_243H_MUR_M  |7 0  |9 374659  |a CSC  |b CSC  |c ST1  |d 2016-04-05  |i 9665  |l 0  |o 923.243H MUR/M  |p CSC9665  |r 2016-04-05  |w 2016-04-05  |y BK